000 00244nam a22001097a 4500
082 _a536.2 DEV'R
100 _aROHSENOW, W. M
_976017
245 _aDEVELOPMENTS IN HEAT TRANSFER
260 _aUSA
_bM. I. T
_c1964
300 _a530P
942 _cBK
999 _c581417
_d581417